[Event "Deutsche Ländermeisterschaft 2012"]
[Site "Hannover GER"]
[Date "2012.09.29"]
[Round "1"]
[White "Braun, Georg"]
[Black "Hinrichs, Lars"]
[Result "1/2-1/2"]
[Termination "normal"]
[Board "6.3"]
[WhiteTitle "18"]
[BlackTitle "16"]
[WhiteElo "2196"]
[BlackElo "1949"]
[WhiteTeam "Württemberg"]
[BlackTeam "Hamburg"]
[PlyCount "93"]
[WhiteFideId "24629383"]
[BlackFideId "12921769"]
[EventCountry "GER"]
[EventRounds "7"]
[EventType "team-swiss"]
[EventDate "2012.09.28"]

1. e4 e6 2. d4 d5 3. Nc3 Bb4 4. Qd3 dxe4 5. Qxe4 Nf6 6. Qh4 Nbd7 7. Nf3 b6 8.
Bd3 Bb7 9. Bd2 Nd5 10. Qg3 Qe7 11. Nxd5 exd5+ 12. Kd1 O-O-O 13. Re1 Qf8 14. c3
Bd6 15. Bf4 Nf6 16. Bxd6 Rxd6 17. Nd2 g6 18. Kc2 Nh5 19. Qg5 Rf6 20. g4 h6 21.
Qh4 Rf4 22. Qh3 Ng7 23. f3 Kb8 24. Qg3 Rf6 25. f4 Qd6 26. Re5 Rxf4 27. Qxf4 f6
28. Rae1 g5 29. Qe3 fxe5 30. Qxe5 Qxe5 31. Rxe5 Re8 32. Rxe8+ Nxe8 33. Nf3 Bc8
34. Ne5 Nf6 35. h3 h5 36. Be2 hxg4 37. Bxg4 Bxg4 38. hxg4 c5 39. dxc5 bxc5 40.
b4 c4 41. Nf3 Nxg4 42. Nxg5 Kc7 43. Ne6+ Kb6 44. Kd2 Kb5 45. Nf4 Kc6 46. Ke2
Kd6 47. Ng6 1/2-1/2

[Event "Deutsche Ländermeisterschaft 2012"]
[Site "Hannover GER"]
[Date "2012.09.29"]
[Round "1"]
[White "Krüger, David"]
[Black "Zeller, Elisa"]
[Result "1-0"]
[Termination "time forfeit"]
[Board "6.4"]
[WhiteTitle "12"]
[BlackTitle "18w"]
[WhiteElo "1786"]
[BlackElo "1903"]
[WhiteTeam "Hamburg"]
[BlackTeam "Württemberg"]
[PlyCount "73"]
[WhiteFideId "12921858"]
[BlackFideId "24662410"]
[EventCountry "GER"]
[EventRounds "7"]
[EventType "team-swiss"]
[EventDate "2012.09.28"]

1. e4 c5 2. Nf3 d6 3. d4 cxd4 4. Nxd4 Nf6 5. Nc3 a6 6. Be3 Nc6 7. f3 e5 8. Nb3
Be6 9. Nd5 Bxd5 10. exd5 Ne7 11. c4 Ng6 12. Qd2 Be7 13. Qb4 b5 14. Na5 bxc4 15.
Bxc4 O-O 16. Nc6 Qd7 17. O-O Rfc8 18. Rac1 Bf8 19. Qb3 Nh5 20. Rc2 f5 21. Rfc1
Kh8 22. g3 f4 23. Bf2 fxg3 24. hxg3 Re8 25. Re1 Nf6 26. Qd3 e4 27. fxe4 Qg4 28.
Qe2 Qg5 29. Qf3 Ng4 30. Qf5 Nxf2 31. Kxf2 Qh6 32. Kg2 Ne5 33. Nxe5 Rxe5 34. Qf4
g5 35. Qf3 Be7 36. Rg1 Rf8 37. Qg4 {Zeitüberschreitung} 1-0

[Event "Deutsche Ländermeisterschaft 2012"]
[Site "Hannover GER"]
[Date "2012.09.29"]
[Round "1"]
[White "Schmidt, Tobias"]
[Black "Rogozenco, Teodora"]
[Result "1-0"]
[Termination "normal"]
[Board "6.5"]
[WhiteTitle "14"]
[BlackTitle "12w"]
[WhiteElo "1834"]
[BlackElo "1706"]
[WhiteTeam "Württemberg"]
[BlackTeam "Hamburg"]
[PlyCount "113"]
[WhiteFideId "1271683"]
[BlackFideId "12938084"]
[EventCountry "GER"]
[EventRounds "7"]
[EventType "team-swiss"]
[EventDate "2012.09.28"]

1. e4 d6 2. d4 Nf6 3. Nc3 e5 4. Nf3 Nbd7 5. Bc4 Be7 6. O-O O-O 7. Re1 c6 8. a4
a5 9. b3 Nb6 10. Bd3 Bg4 11. Ne2 Qc7 12. Bb2 Nh5 13. c4 Rfe8 14. Ng3 Bf6 15. d5
g6 16. h3 Bxf3 17. Qxf3 Nxg3 18. Qxf6 Nh5 19. Qg5 Nd7 20. g3 Nc5 21. Bc2 Qe7
22. Qe3 Rf8 23. Ba3 Na6 24. Qb6 c5 25. Bd1 Nc7 26. Bxc5 Ra6 27. Bxd6 Qxd6 28.
Qe3 b6 29. Rc1 Nf6 30. c5 bxc5 31. Rxc5 Nd7 32. Rc3 Rb6 33. Be2 Na6 34. Rec1
Nb4 35. Bb5 Rfb8 36. Rc7 Nf8 37. Qf3 f6 38. Qe3 R6b7 39. R7c5 Nd7 40. Rc6 Nxc6
41. dxc6 Rxb5 42. axb5 Nb6 43. Qc3 Qc7 44. Qxa5 Na8 45. Qb4 Kg7 46. Rd1 Rd8 47.
Ra1 Nb6 48. Ra6 Ra8 49. Qc5 Rxa6 50. bxa6 Nc8 51. b4 Nb6 52. b5 Nc8 53. Qd5 Nb6
54. Qa2 Qa7 55. Qa3 Nc8 56. Qd3 Nb6 57. Qd8 1-0

[Event "Deutsche Ländermeisterschaft 2012"]
[Site "Hannover GER"]
[Date "2012.09.29"]
[Round "1"]
[White "Gaßmann, Linda"]
[Black "Bernstengel, Aaron"]
[Result "1/2-1/2"]
[Termination "normal"]
[Board "6.7"]
[WhiteTitle "14w"]
[BlackTitle "14"]
[WhiteElo "1766"]
[BlackElo "1757"]
[WhiteTeam "Württemberg"]
[BlackTeam "Hamburg"]
[PlyCount "85"]
[WhiteFideId "12900451"]
[BlackFideId "12940062"]
[EventCountry "GER"]
[EventRounds "7"]
[EventType "team-swiss"]
[EventDate "2012.09.28"]

1. c4 e6 2. g3 d5 3. b3 Nf6 4. Bg2 Be7 5. Nf3 O-O 6. Bb2 c5 7. cxd5 Nxd5 8. O-O
Nc6 9. Nc3 Bf6 10. Qc1 b6 11. Rd1 Ba6 12. d3 Nxc3 13. Bxc3 Rc8 14. Bxf6 Qxf6
15. Qe3 Rfd8 16. Rac1 Nb4 17. a3 Nd5 18. Qe5 Bb7 19. Qxf6 Nxf6 20. d4 Bxf3 21.
Bxf3 g6 22. dxc5 Rxd1+ 23. Rxd1 Rxc5 24. Rd8+ Kg7 25. Rd3 Rc7 26. e3 Nd7 27.
Be2 Ne5 28. Rd1 Rc3 29. Rb1 Nd3 30. Bxd3 Rxd3 31. Kf1 Kf6 32. Ke2 Rc3 33. Kd2
Rc7 34. Rc1 Rxc1 35. Kxc1 Ke5 36. f3 f5 37. Kd2 g5 38. Kd3 Kd6 39. e4 f4 40. g4
b5 41. b4 e5 42. h3 Ke6 43. Kc3 1/2-1/2

[Event "Deutsche Ländermeisterschaft 2012"]
[Site "Hannover GER"]
[Date "2012.09.29"]
[Round "1"]
[White "Lemke, Berfin"]
[Black "Lederer, Leia"]
[Result "1-0"]
[Termination "normal"]
[Board "6.8"]
[WhiteTitle "14w"]
[BlackTitle "12w"]
[WhiteElo "1544"]
[BlackElo "1624"]
[WhiteTeam "Hamburg"]
[BlackTeam "Württemberg"]
[PlyCount "89"]
[WhiteFideId "1270578"]
[BlackFideId "12926353"]
[EventCountry "GER"]
[EventRounds "7"]
[EventType "team-swiss"]
[EventDate "2012.09.28"]

1. e4 c5 2. Nf3 d6 3. d4 cxd4 4. Nxd4 Nc6 5. c4 Nf6 6. Nc3 Bd7 7. Be2 e6 8. Be3
a6 9. O-O Be7 10. f3 O-O 11. Qd2 Kh8 12. Rad1 Rc8 13. b3 Rg8 14. f4 e5 15. Nf3
exf4 16. Bxf4 Qb6+ 17. Be3 Qd8 18. Nd4 Ne5 19. Nf5 Bxf5 20. exf5 g6 21. Nd5 Ne4
22. Qd4 gxf5 23. Rxf5 Nf6 24. Nxf6 Bxf6 25. Qxd6 Qxd6 26. Rxd6 Be7 27. Rd5 f6
28. Bd4 Rg6 29. Bh5 Rgg8 30. Bf3 Nxf3+ 31. Rxf3 Rg4 32. Bxf6+ Bxf6 33. Rxf6
Rcg8 34. g3 Re4 35. Kf2 Rge8 36. Rd2 Kg7 37. Rf4 R4e6 38. Rd7+ Kg6 39. Kg2 Re2+
40. Rf2 R2e6 41. Rxb7 h5 42. Rd7 Re2 43. Rd6+ Kg5 44. h4+ Kg4 45. Rg6# 1-0

[Event "Deutsche Ländermeisterschaft 2012"]
[Site "Hannover GER"]
[Date "2012.09.29"]
[Round "1"]
[White "Frischmann, Rick"]
[Black "Mundorf, Johannes"]
[Result "1/2-1/2"]
[Termination "normal"]
[Board "7.1"]
[WhiteTitle "18"]
[BlackTitle "18"]
[WhiteElo "2150"]
[BlackElo "2161"]
[WhiteTeam "Saarland"]
[BlackTeam "Nordrhein-Westfalen"]
[PlyCount "85"]
[WhiteFideId "24660752"]
[BlackFideId "24672491"]
[EventCountry "GER"]
[EventRounds "7"]
[EventType "team-swiss"]
[EventDate "2012.09.28"]

1. d4 e6 2. c4 Bb4+ 3. Bd2 a5 4. g3 d6 5. Nf3 Nc6 6. Nc3 e5 7. a3 Bxc3 8. Bxc3
exd4 9. Nxd4 Nxd4 10. Qxd4 Nf6 11. Bg2 Qe7 12. O-O O-O 13. e4 Re8 14. Rad1 Qe5
15. Qxe5 dxe5 16. f4 exf4 17. gxf4 Bg4 18. Rde1 c6 19. f5 Nd7 20. Rf4 Bh5 21.
e5 a4 22. Rh4 g6 23. Re3 Nf8 24. Rg3 Bd1 25. Be4 Bb3 26. Bd3 Rad8 27. e6 fxe6
28. fxg6 hxg6 29. Bxg6 Rd1+ 30. Kf2 Nxg6 31. Rxg6+ Kf8 32. Rh7 c5 33. Rf6+ Kg8
34. Rh4 e5 35. Rg4+ Kh7 36. Rf3 Re6 37. Bxe5 Rd2+ 38. Ke3 Rxh2 39. Re4 Bc2 40.
Rf7+ Kg6 41. Rg7+ Kf5 42. Rf7+ Kg6 43. Rg7+ 1/2-1/2

[Event "Deutsche Ländermeisterschaft 2012"]
[Site "Hannover GER"]
[Date "2012.09.29"]
[Round "1"]
[White "Florstedt, Johannes"]
[Black "Wild, Achim"]
[Result "1/2-1/2"]
[Termination "normal"]
[Board "7.2"]
[WhiteTitle "16"]
[BlackTitle "20"]
[WhiteElo "2056"]
[BlackElo "2107"]
[WhiteTeam "Nordrhein-Westfalen"]
[BlackTeam "Saarland"]
[PlyCount "147"]
[WhiteFideId "12922293"]
[BlackFideId "4658728"]
[EventCountry "GER"]
[EventRounds "7"]
[EventType "team-swiss"]
[EventDate "2012.09.28"]

1. Nf3 d5 2. c4 c6 3. e3 Nf6 4. Nc3 e6 5. b3 Nbd7 6. Qc2 b6 7. Bb2 Bb7 8. Be2
Bd6 9. g4 h6 10. Rg1 Qe7 11. h4 dxc4 12. Bxc4 c5 13. Be2 e5 14. g5 hxg5 15.
hxg5 Nh5 16. g6 O-O-O 17. gxf7 Qxf7 18. Ng5 Qe7 19. Nb5 Bb8 20. d4 exd4 21.
Nxd4 Be5 22. Nde6 Qf6 23. O-O-O Rde8 24. Bg4 Bc6 25. Rd6 Bxb2+ 26. Qxb2 Kb7 27.
Rgd1 Qxb2+ 28. Kxb2 Ne5 29. Bxh5 Rxh5 30. f4 Rh2+ 31. Kb1 Ng4 32. Nd8+ Rxd8 33.
Rxd8 Nxe3 34. R8d2 Rh4 35. Re1 Nd5 36. Ne6 Kc8 37. f5 Rg4 38. a3 Nf6 39. Kb2
Be4 40. Rf1 Rg3 41. Rf4 Bd5 42. b4 c4 43. Rc2 b5 44. Nc5 Re3 45. Rc3 Re2+ 46.
Kc1 Bf7 47. Rh3 Rg2 48. Rh8+ Kc7 49. Ra8 Kd6 50. Rxa7 Ke5 51. Rf1 Bd5 52. Nd7+
Nxd7 53. Rxd7 Be4 54. Re7+ Kd4 55. Rf4 Rg1+ 56. Kd2 c3+ 57. Ke2 c2 58. Rfxe4+
Kc3 59. Rc7+ Kb2 60. Re5 c1=Q 61. Rxc1 Rxc1 62. Rxb5 Kxa3 63. Rb7 Rg1 64. Ke3
Kb3 65. Kd4 Rg4+ 66. Kd5 Rg5 67. Ke6 Kc4 68. Rb8 Rg1 69. Kf7 Rf1 70. Kg6 Rg1+
71. Kf7 Rf1 72. Ke6 Re1+ 73. Kd6 Rd1+ 74. Ke6 1/2-1/2

[Event "Deutsche Ländermeisterschaft 2012"]
[Site "Hannover GER"]
[Date "2012.09.29"]
[Round "1"]
[White "Grewenig, Jan"]
[Black "Schröder, Kevin"]
[Result "1-0"]
[Termination "normal"]
[Board "7.3"]
[WhiteTitle "16"]
[BlackTitle "12"]
[WhiteElo "1961"]
[BlackElo "2009"]
[WhiteTeam "Saarland"]
[BlackTeam "Nordrhein-Westfalen"]
[PlyCount "39"]
[WhiteFideId "4657330"]
[BlackFideId "12929840"]
[EventCountry "GER"]
[EventRounds "7"]
[EventType "team-swiss"]
[EventDate "2012.09.28"]

1. e4 c5 2. Nf3 d6 3. d4 cxd4 4. Nxd4 Nf6 5. Nc3 a6 6. Bg5 e6 7. f4 Qb6 8. Qd2
Qxb2 9. Rb1 Qa3 10. e5 dxe5 11. fxe5 Nfd7 12. Ne4 Qxa2 13. Rd1 Qd5 14. Qe3 Qxe5
15. Bc4 Nc6 16. O-O Nxd4 17. Rxd4 Bc5 18. Nxc5 Qxc5 19. Rxf7 Qxg5 20. Qxe6+ 1-0

[Event "Deutsche Ländermeisterschaft 2012"]
[Site "Hannover GER"]
[Date "2012.09.29"]
[Round "1"]
[White "Kuckling, Hannah"]
[Black "Sonnhalter, Stella"]
[Result "0-1"]
[Termination "normal"]
[Board "7.4"]
[WhiteTitle "16w"]
[BlackTitle "20w"]
[WhiteElo "1845"]
[BlackElo "1856"]
[WhiteTeam "Nordrhein-Westfalen"]
[BlackTeam "Saarland"]
[PlyCount "80"]
[WhiteFideId "24603660"]
[BlackFideId "4624815"]
[EventCountry "GER"]
[EventRounds "7"]
[EventType "team-swiss"]
[EventDate "2012.09.28"]

1. e4 c5 2. Nc3 Nc6 3. Bb5 g6 4. Bxc6 bxc6 5. f4 c4 6. Qe2 d5 7. exd5 cxd5 8.
Qe5 Nf6 9. Nb5 Kd7 10. Nf3 Bg7 11. O-O Qb6+ 12. Nbd4 Rd8 13. Re1 Qc5 14. b3 Ke8
15. a4 Nh5 16. Qe3 Bf6 17. Ba3 Qc7 18. Nb5 Qd7 19. Ne5 Qb7 20. g4 Ng7 21. g5
Nf5 22. Qc5 Bxe5 23. Rxe5 Rd7 24. Qf2 d4 25. Rae1 a6 26. Nxd4 Nxd4 27. Rxe7+
Kd8 28. Bd6 Ne6 29. Rxd7+ Bxd7 30. bxc4 Bxa4 31. d4 Kd7 32. c5 Qd5 33. Be5 Bc6
34. Kf1 a5 35. Bf6 a4 36. Re5 Qc4+ 37. Kg1 Bd5 38. c3 a3 39. f5 a2 40. fxe6+
fxe6 0-1

[Event "Deutsche Ländermeisterschaft 2012"]
[Site "Hannover GER"]
[Date "2012.09.29"]
[Round "1"]
[White "Müller, Max"]
[Black "Sabirov, Ramil"]
[Result "1/2-1/2"]
[Termination "normal"]
[Board "7.5"]
[WhiteTitle "14"]
[BlackTitle "14"]
[WhiteElo "1728"]
[BlackElo "1841"]
[WhiteTeam "Saarland"]
[BlackTeam "Nordrhein-Westfalen"]
[PlyCount "136"]
[WhiteFideId "12900486"]
[BlackFideId "12900303"]
[EventCountry "GER"]
[EventRounds "7"]
[EventType "team-swiss"]
[EventDate "2012.09.28"]

1. Nf3 Nf6 2. c4 g6 3. Nc3 d5 4. cxd5 Nxd5 5. Qb3 Nb6 6. g3 Bg7 7. Bg2 Nc6 8.
d3 O-O 9. O-O Be6 10. Qd1 h6 11. Be3 Nd5 12. Nxd5 Bxd5 13. Qd2 Kh7 14. a3 a5
15. Rac1 a4 16. Rc5 e6 17. Rfc1 Qd7 18. h4 Rfc8 19. Bf4 b6 20. Rxc6 Bxc6 21.
Rxc6 Ra5 22. Rc4 e5 23. Be3 c5 24. Qc2 Re8 25. Bd2 Ra7 26. Nh2 f5 27. Nf1 Bf8
28. Qc1 Re6 29. Rc2 Qd8 30. Bh3 Rf7 31. Ne3 Re8 32. Ng2 Qd6 33. f4 e4 34. dxe4
Rxe4 35. Bc3 Bg7 36. Rd2 Qe6 37. Bxg7 Rxg7 38. Kf2 Re7 39. Qc2 b5 40. Ne1 Rc4
41. Qd3 Rd4 42. Qc3 b4 43. axb4 Rxd2 44. Qxd2 cxb4 45. Nc2 a3 46. Nxa3 bxa3 47.
bxa3 Qb6+ 48. e3 Qb3 49. Qc1 Qa2+ 50. Kf3 Ra7 51. Qc5 Qxa3 52. Qxa3 Rxa3 53. g4
Ra5 54. Bf1 Kg7 55. gxf5 gxf5 56. h5 Kf6 57. Bg2 Ke6 58. Kg3 Kd6 59. Kh4 Ra3
60. Bh3 Ra5 61. Kg3 Rd5 62. Bg2 Rd3 63. Kf3 Kd5 64. Bh3 Ke6 65. Bg2 Kd6 66. Bh3
Rd5 67. Bf1 Kc5 68. Ba6 Kd6 1/2-1/2

[Event "Deutsche Ländermeisterschaft 2012"]
[Site "Hannover GER"]
[Date "2012.09.29"]
[Round "1"]
[White "Flüchter, Gregor"]
[Black "Puffay, Jana"]
[Result "1-0"]
[Termination "normal"]
[Board "7.6"]
[WhiteTitle "14"]
[BlackTitle "16w"]
[WhiteElo "1951"]
[BlackElo "1433"]
[WhiteTeam "Nordrhein-Westfalen"]
[BlackTeam "Saarland"]
[PlyCount "45"]
[WhiteFideId "12903396"]
[BlackFideId "24692360"]
[EventCountry "GER"]
[EventRounds "7"]
[EventType "team-swiss"]
[EventDate "2012.09.28"]

1. e4 c5 2. Nf3 Nc6 3. c3 g6 4. d4 cxd4 5. cxd4 Bg7 6. Nc3 d6 7. h3 Nf6 8. Be2
O-O 9. O-O Bd7 10. Be3 Rc8 11. Rc1 a6 12. Qd2 b5 13. Bd3 Nb4 14. Bb1 Nc6 15.
Rfd1 Rc7 16. d5 Qb8 17. dxc6 Bxc6 18. Nd5 Nxd5 19. exd5 Bb7 20. Rxc7 Qxc7 21.
Rc1 Qd7 22. Bd4 Bxd4 23. Qxd4 1-0

[Event "Deutsche Ländermeisterschaft 2012"]
[Site "Hannover GER"]
[Date "2012.09.29"]
[Round "1"]
[White "Müller, Sophie"]
[Black "Schrader, Elanor"]
[Result "1/2-1/2"]
[Termination "normal"]
[Board "7.7"]
[WhiteTitle "12w"]
[BlackTitle "18w"]
[WhiteElo "1435"]
[BlackElo "1769"]
[WhiteTeam "Saarland"]
[BlackTeam "Nordrhein-Westfalen"]
[PlyCount "72"]
[WhiteFideId "12926698"]
[BlackFideId "12951919"]
[EventCountry "GER"]
[EventRounds "7"]
[EventType "team-swiss"]
[EventDate "2012.09.28"]

1. c4 c5 2. Nc3 Nc6 3. Nf3 Nf6 4. g3 g6 5. Bg2 Bg7 6. O-O O-O 7. d3 d6 8. a3 b6
9. Rb1 Bb7 10. b4 Qd7 11. Bd2 Rad8 12. Qb3 Nd4 13. Nxd4 Bxg2 14. Kxg2 cxd4 15.
Nd5 Qb7 16. Kg1 Nxd5 17. cxd5 Rc8 18. Rbc1 Qd7 19. Rxc8 Rxc8 20. Rc1 Rxc1+ 21.
Bxc1 Qg4 22. Qc2 h5 23. Kg2 h4 24. h3 Qh5 25. Qa2 hxg3 26. fxg3 Be5 27. Qc2 Bf6
28. Qa2 Qf5 29. Qc4 Qe5 30. Qa2 g5 31. Kf2 Qf5+ 32. Kg2 e5 33. dxe6 fxe6 34.
Qc4 Qe5 35. Kf2 Qf5+ 36. Kg2 Qe5 1/2-1/2

[Event "Deutsche Ländermeisterschaft 2012"]
[Site "Hannover GER"]
[Date "2012.09.29"]
[Round "1"]
[White "Möller, Lisa-Marie"]
[Black "Zimmer, Luca"]
[Result "1-0"]
[Termination "normal"]
[Board "7.8"]
[WhiteTitle "12w"]
[BlackTitle "12"]
[WhiteElo "1347"]
[BlackElo "1035"]
[WhiteTeam "Nordrhein-Westfalen"]
[BlackTeam "Saarland"]
[PlyCount "57"]
[WhiteFideId "12959367"]
[BlackFideId "12921424"]
[EventCountry "GER"]
[EventRounds "7"]
[EventType "team-swiss"]
[EventDate "2012.09.28"]

1. e4 e6 2. d4 d5 3. e5 c5 4. c3 Nc6 5. g3 Bd7 6. Bh3 f6 7. exf6 Nxf6 8. Ne2
Nh5 9. O-O Bd6 10. dxc5 Bxc5 11. Nd4 Nxd4 12. cxd4 Nxg3 13. fxg3 Bd6 14. Nc3
Qc7 15. Bf4 e5 16. Bxd7+ Qxd7 17. Bxe5 Bxe5 18. dxe5 O-O-O 19. Rc1 Kb8 20. Qd4
Qe6 21. Nb5 Qb6 22. Qxb6 axb6 23. Rf7 Rc8 24. Rcc7 Rxc7 25. Rxc7 Rc8 26. Rxg7
Rc1+ 27. Kg2 Rc2+ 28. Kf3 Rxb2 29. Rg8# 1-0

[Event "Deutsche Ländermeisterschaft 2012"]
[Site "Hannover GER"]
[Date "2012.09.29"]
[Round "1"]
[White "Möhn, Hans"]
[Black "Weber, Max"]
[Result "1/2-1/2"]
[Termination "normal"]
[Board "8.1"]
[WhiteTitle "16"]
[BlackTitle "18"]
[WhiteElo "2119"]
[BlackElo "2109"]
[WhiteTeam "Sachsen"]
[BlackTeam "Mecklenburg-Vorpommern"]
[PlyCount "50"]
[WhiteFideId "24647837"]
[BlackFideId "4624831"]
[EventCountry "GER"]
[EventRounds "7"]
[EventType "team-swiss"]
[EventDate "2012.09.28"]

1. d4 e6 2. c4 Nf6 3. Nc3 Bb4 4. e3 c5 5. a3 Bxc3+ 6. bxc3 d6 7. Bd3 Nc6 8. Ne2
e5 9. f3 O-O 10. O-O Ne8 11. d5 Ne7 12. e4 f5 13. exf5 Bxf5 14. Ng3 Bxd3 15.
Qxd3 Ng6 16. Be3 Nf4 17. Qd2 Qd7 18. a4 h6 19. Ne4 Ng6 20. a5 Nf6 21. Qd3 Nxe4
22. Qxe4 Qf5 23. Qxf5 Rxf5 24. Rab1 Rb8 25. g3 Nf8 1/2-1/2

[Event "Deutsche Ländermeisterschaft 2012"]
[Site "Hannover GER"]
[Date "2012.09.29"]
[Round "1"]
[White "Ispirjan, Mikael"]
[Black "Kreyßig, Robert"]
[Result "1-0"]
[Termination "normal"]
[Board "8.2"]
[WhiteTitle "16"]
[BlackTitle "16"]
[WhiteElo "1940"]
[BlackElo "1939"]
[WhiteTeam "Mecklenburg-Vorpommern"]
[BlackTeam "Sachsen"]
[PlyCount "57"]
[WhiteFideId "1271217"]
[BlackFideId "4662881"]
[EventCountry "GER"]
[EventRounds "7"]
[EventType "team-swiss"]
[EventDate "2012.09.28"]

1. e4 c5 2. Nf3 Nc6 3. d4 cxd4 4. Nxd4 Nf6 5. Nc3 d6 6. Bc4 e6 7. Be3 Be7 8.
Qe2 Bd7 9. Bb3 a6 10. O-O-O Qc7 11. Rhg1 b5 12. g4 b4 13. Nd5 exd5 14. exd5 Na5
15. g5 Nxb3+ 16. Nxb3 Bb5 17. Qd2 Nd7 18. f4 Rc8 19. Rg2 Bc4 20. Qxb4 Bxb3 21.
axb3 O-O 22. Bd4 f5 23. Qe1 Bd8 24. Qe6+ Kh8 25. Bxg7+ Kxg7 26. Qh6+ Kh8 27. g6
Rf7 28. gxf7 Bf6 29. Rdg1 1-0

[Event "Deutsche Ländermeisterschaft 2012"]
[Site "Hannover GER"]
[Date "2012.09.29"]
[Round "1"]
[White "Richter, Leonard"]
[Black "Celmer, Ole"]
[Result "1-0"]
[Termination "normal"]
[Board "8.3"]
[WhiteTitle "14"]
[BlackTitle "20"]
[WhiteElo "1910"]
[BlackElo "1857"]
[WhiteTeam "Sachsen"]
[BlackTeam "Mecklenburg-Vorpommern"]
[PlyCount "65"]
[WhiteFideId "12900290"]
[BlackFideId "24657107"]
[EventCountry "GER"]
[EventRounds "7"]
[EventType "team-swiss"]
[EventDate "2012.09.28"]

1. e4 e5 2. Nf3 Nc6 3. d4 exd4 4. Nxd4 Nf6 5. Nxc6 bxc6 6. e5 Qe7 7. Qe2 Nd5 8.
c4 Ba6 9. b3 g6 10. f4 Bg7 11. Qf2 Nb6 12. Ba3 Qe6 13. Nd2 d6 14. Ne4 h6 15. c5
Bxf1 16. Qxf1 Nd5 17. cxd6 Bxe5 18. fxe5 Qxe5 19. Kd2 O-O 20. Qf3 Nf4 21. Qe3
Rfe8 22. Rae1 cxd6 23. Kc2 Nxg2 24. Qxh6 Nxe1+ 25. Rxe1 Qg7 26. Qg5 Re6 27. Bb2
Qh7 28. Nf6+ Rxf6 29. Qxf6 Qxh2+ 30. Kb1 Qh7 31. a3 c5 32. Ka2 c4 33. b4 1-0

[Event "Deutsche Ländermeisterschaft 2012"]
[Site "Hannover GER"]
[Date "2012.09.29"]
[Round "1"]
[White "Scholz, Robert"]
[Black "Wulf, Constanze"]
[Result "1/2-1/2"]
[Termination "normal"]
[Board "8.5"]
[WhiteTitle "14"]
[BlackTitle "16w"]
[WhiteElo "1901"]
[BlackElo "1622"]
[WhiteTeam "Sachsen"]
[BlackTeam "Mecklenburg-Vorpommern"]
[PlyCount "82"]
[WhiteFideId "1270301"]
[BlackFideId "24692379"]
[EventCountry "GER"]
[EventRounds "7"]
[EventType "team-swiss"]
[EventDate "2012.09.28"]

1. e4 c5 2. Nc3 a6 3. f4 e6 4. Nf3 Nc6 5. g3 Nf6 6. Bg2 d5 7. e5 Nd7 8. d3 b5
9. O-O Be7 10. Kh1 b4 11. Ne2 Rb8 12. g4 O-O 13. Ng3 Qc7 14. Qe2 a5 15. Re1 Ba6
16. f5 c4 17. d4 Qb6 18. c3 bxc3 19. bxc3 Rfe8 20. Nh5 Nd8 21. Qd2 f6 22. fxe6
Nxe6 23. Qc2 fxe5 24. Nxe5 Qd6 25. Ba3 Qxa3 26. Nxd7 Rbd8 27. Rxe6 Bc8 28. Bxd5
Kh8 29. Ne5 Rxd5 30. Rb6 Bd8 31. Nf7+ Kg8 32. Nxd8 Rexd8 33. Nf4 R5d6 34. Rxd6
Qxd6 35. Rf1 Rf8 36. Qc1 Bxg4 37. Kg1 Qc6 38. Qe3 Qe8 39. Qxe8 Rxe8 40. Nd5 Be6
41. Re1 Bd7 1/2-1/2

[Event "Deutsche Ländermeisterschaft 2012"]
[Site "Hannover GER"]
[Date "2012.09.29"]
[Round "1"]
[White "Klinge, Sabina"]
[Black "Nobis, Anna"]
[Result "0-1"]
[Termination "normal"]
[Board "8.6"]
[WhiteTitle "14w"]
[BlackTitle "14w"]
[WhiteElo "1659"]
[BlackElo "1666"]
[WhiteTeam "Mecklenburg-Vorpommern"]
[BlackTeam "Sachsen"]
[PlyCount "78"]
[WhiteFideId "12949590"]
[BlackFideId "1270302"]
[EventCountry "GER"]
[EventRounds "7"]
[EventType "team-swiss"]
[EventDate "2012.09.28"]

1. e4 c5 2. Nf3 Nc6 3. d4 cxd4 4. Nxd4 e5 5. Nb5 d6 6. N1c3 a6 7. Na3 b5 8. Nd5
Be7 9. c4 b4 10. Nc2 Rb8 11. b3 Nf6 12. Bd3 O-O 13. O-O Nd7 14. Re1 Nc5 15. Bf1
f5 16. exf5 Bxf5 17. Nce3 Be6 18. Bb2 Qd7 19. Qc2 Bh4 20. g3 Bg5 21. Bg2 Bh3
22. Bh1 Ne6 23. Rad1 Ned4 24. Qe4 Qf7 25. Rd2 Bf5 26. Qg2 Bg4 27. Bxd4 Nxd4 28.
Qe4 Bf3 29. Qd3 Bxh1 30. Kxh1 Nf3 31. Ree2 Qh5 32. Nf1 Bxd2 33. Rxd2 Nxd2 34.
Qxd2 Qf3+ 35. Kg1 a5 36. Qe1 Rb7 37. Nd2 Qd3 38. Ne4 Rbf7 39. Kg2 Qc2 0-1

[Event "Deutsche Ländermeisterschaft 2012"]
[Site "Hannover GER"]
[Date "2012.09.29"]
[Round "1"]
[White "Kempe, Anne"]
[Black "Schamber, Dennis"]
[Result "1-0"]
[Termination "normal"]
[Board "8.7"]
[WhiteTitle "14w"]
[BlackTitle "12"]
[WhiteElo "1703"]
[BlackElo "1548"]
[WhiteTeam "Sachsen"]
[BlackTeam "Mecklenburg-Vorpommern"]
[PlyCount "120"]
[WhiteFideId "12918083"]
[BlackFideId "12952176"]
[EventCountry "GER"]
[EventRounds "7"]
[EventType "team-swiss"]
[EventDate "2012.09.28"]

1. e4 c5 2. Nf3 d6 3. d4 cxd4 4. Nxd4 Nf6 5. Nc3 a6 6. Bg5 e6 7. f4 Be7 8. Qd2
h6 9. Bh4 Qc7 10. Bg3 b5 11. Bd3 Bb7 12. a3 d5 13. exd5 Nxd5 14. Nxd5 Bxd5 15.
O-O-O Nc6 16. Nf3 Bxf3 17. gxf3 Nd4 18. Qe3 Bc5 19. Qe5 Qxe5 20. fxe5 Rd8 21.
f4 O-O 22. Kb1 Rd7 23. Bf2 Rfd8 24. Bh4 Rc8 25. Be4 Rcc7 26. Bf2 Nb3 27. Bxc5
Nxc5 28. Bf3 Kf8 29. Rhg1 g6 30. Rxd7 Rxd7 31. Rd1 Rxd1+ 32. Bxd1 f6 33. Be2
Nd7 34. exf6 Kf7 35. c4 bxc4 36. Bxc4 Nb8 37. Kc2 Kxf6 38. Kd3 Kf5 39. Ke3 e5
40. Bd3+ Kf6 41. fxe5+ Kxe5 42. Bxg6 Nc6 43. b4 Kd5 44. Be4+ Kd6 45. Bxc6 Kxc6
46. a4 Kd5 47. Kd3 h5 48. h4 Ke5 49. Ke3 Kd5 50. b5 a5 51. Kf4 Kc5 52. Kg5 Kb4
53. b6 Kxa4 54. b7 Kb4 55. b8=Q+ Kc3 56. Qb5 Kd2 57. Qb3 Ke2 58. Qc3 a4 59. Kf4
a3 60. Qxa3 Kd1 1-0